| 000 | 00000nam 2200000zi 4500 |
| 001 | 9.940675 |
| 003 | CaOODSP |
| 005 | 20250324101601 |
| 006 | m o d f |
| 007 | cr mn||||||||| |
| 008 | 240717s1972 onc o f000 0 fre d |
| 040 | |aCaOODSP|bfre|erda|cCaOODSP |
| 043 | |an-cn-nf|an-cn--- |
| 086 | 1 |aRE24-34/1972F-PDF |
| 245 | 00|aEntente conclue entre le gouvernement du Canada et le gouvernement de la province de Terre-Neuve, le 17 juillet 1972. |
| 246 | 14|aCanada/Terre-Neuve : |bSociété de développement de Terre-Neuve/Labrador Limitée, 1972 |
| 264 | 1|a[Ottawa] : |bExpansion économique régionale = Regional Economic Expansion, |c[1972] |
| 300 | |a1 ressource en ligne (9 pages) |
| 336 | |atexte|btxt|2rdacontent/fre |
| 337 | |ainformatique|bc|2rdamedia/fre |
| 338 | |aressource en ligne|bcr|2rdacarrier/fre |
| 500 | |aPublié aussi en anglais sous le titre : Agreement between the government of Canada and the government of the province of Newfoundland, July 17, 1972. |
| 500 | |aÉdition numérisée de l'imprimé [par Innovation, sciences et développement économique Canada]. |
| 610 | 26|aSociété de développement de Terre-Neuve/Labrador Limitée. |
| 650 | 6|aSociétés de développement économique|zCanada. |
| 650 | 6|aAide au développement économique régional|zTerre-Neuve-et-Labrador. |
| 650 | 6|aAménagement du territoire|zTerre-Neuve-et-Labrador. |
| 650 | 6|aRelations fédérales-provinciales (Canada)|zTerre-Neuve-et-Labrador. |
| 651 | 6|aTerre-Neuve-et-Labrador|xPolitique économique. |
| 710 | 1 |aCanada. |bExpansion économique régionale, |eorganisme de publication. |
| 775 | 08|tAgreement between the Government of Canada and the Government of the Province of Newfoundland, July 17, 1972 / |w(CaOODSP)9.898148 |
| 856 | 40|qPDF|s769 Ko|uhttps://publications.gc.ca/collections/collection_2024/isde-ised/re24/RE24-34-1972-fra.pdf |